Clair's Pokemon - Statistics

General Stats
  • This quiz has been taken 3 times
  • The average score is 11 of 16
Answer Stats
She uses it in Answer % Correct
Johto Aerodactyl
100%
Johto Dragonair
100%
Johto Dragonite
100%
Unova Garchomp
100%
Johto Gyarados
100%
Johto Kingdra
100%
Unova Salamence
100%
Unova Altaria
67%
Johto Charizard
67%
Stadium 2 Charizard
67%
Stadium 2 Ampharos
33%
Stadium 2 Arcanine
33%
Unova Druddigon
33%
Stadium 2 Lapras
33%
Stadium 2 Nidoking
33%
Stadium 2 Rhydon
33%
No matching quizzes found
Score Distribution
Percent of People with Each Score
Percentile by Number Answered
Your Score History
You have not taken this quiz